<?xml version="1.0" encoding="UTF-8"?><?xml-stylesheet type="text/xsl" href="static/style.xsl"?><OAI-PMH xmlns="http://www.openarchives.org/OAI/2.0/" xmlns:xsi="http://www.w3.org/2001/XMLSchema-instance" xsi:schemaLocation="http://www.openarchives.org/OAI/2.0/ http://www.openarchives.org/OAI/2.0/OAI-PMH.xsd"><responseDate>2026-06-01T20:47:45Z</responseDate><request verb="GetRecord" identifier="oai:riuma.uma.es:10630/29559" metadataPrefix="marc">https://riuma.uma.es/rest/oai/request</request><GetRecord><record><header><identifier>oai:riuma.uma.es:10630/29559</identifier><datestamp>2026-02-03T11:12:42Z</datestamp><setSpec>com_10630_2254</setSpec><setSpec>col_10630_37953</setSpec></header><metadata><record xmlns="http://www.loc.gov/MARC21/slim" xmlns:dcterms="http://purl.org/dc/terms/" xmlns:doc="http://www.lyncode.com/xoai" xmlns:xsi="http://www.w3.org/2001/XMLSchema-instance" xsi:schemaLocation="http://www.loc.gov/MARC21/slim http://www.loc.gov/standards/marcxml/schema/MARC21slim.xsd">
   <leader>00925njm 22002777a 4500</leader>
   <datafield ind2=" " ind1=" " tag="042">
      <subfield code="a">dc</subfield>
   </datafield>
   <datafield ind2=" " ind1=" " tag="720">
      <subfield code="a">Márquez Aragonés, Ana Cristina</subfield>
      <subfield code="e">author</subfield>
   </datafield>
   <datafield ind2=" " ind1=" " tag="720">
      <subfield code="a">Díaz-Durán, María Dolores</subfield>
      <subfield code="e">author</subfield>
   </datafield>
   <datafield ind2=" " ind1=" " tag="720">
      <subfield code="a">Gámez Requena, José Javier</subfield>
      <subfield code="e">author</subfield>
   </datafield>
   <datafield ind2=" " ind1=" " tag="260">
      <subfield code="c">2012-07</subfield>
   </datafield>
   <datafield ind2=" " ind1=" " tag="520">
      <subfield code="a">En el contexto de una investigación, sobre la formación inicial para docentes de secundaria de la Universidad de Málaga, se realizó un análisis conceptual de dicha formación y del perfil de los docentes a través de un grupo de discusión con alumnos en formación, en el año 2009. El objetivo era conocer, al comienzo de su formación, los requisitos que creen ellos debe tener un profesor de Secundaria, en especial en aquellos que desempeñan su labor en la Enseñanza Secundaria Obligatoria.&#xd;
El grupo de discusión, que se realizó con alumnos del Curso para la Obtención del Certificado de Aptitud Pedagógica del curso académico 2008/09, se planteó en la plataforma del campus virtual de la Universidad en la asignatura de Didáctica General. De un total de 686 alumnos matriculados, en el debate participaron 109 alumnos, correspondientes a dos grupos de clase.</subfield>
   </datafield>
   <datafield ind1="8" ind2=" " tag="024">
      <subfield code="a">Márquez, A. C., Díaz, M. D., &amp; Gámez, J. J. (2012). El perfil del docente de enseñanza secundaria desde la perspectiva de los futuros profesionales de la educación. Revista Iberoamericana para la Investigación y el Desarrollo Educativo, (9).</subfield>
   </datafield>
   <datafield ind1="8" ind2=" " tag="024">
      <subfield code="a">2007 - 2619</subfield>
   </datafield>
   <datafield ind1="8" ind2=" " tag="024">
      <subfield code="a">https://hdl.handle.net/10630/29559</subfield>
   </datafield>
   <datafield tag="653" ind2=" " ind1=" ">
      <subfield code="a">Profesores de enseñanza secundaria - Formación profesional</subfield>
   </datafield>
   <datafield ind2="0" ind1="0" tag="245">
      <subfield code="a">El perfil del docente de enseñanza secundaria desde la perspectiva de los futuros profesionales de la educación</subfield>
   </datafield>
</record>
</metadata></record></GetRecord></OAI-PMH>